000 00596nam a2200181Ia 4500
003 GCL
008 140319s9999 xx 000 0 ara d
040 _aGCL /
_cGCL
082 0 4 _a810
_bم.و
100 1 _aمحمد عايد الجابرى
245 1 0 _aوجهة نظر: نحو اعادة بناء قضايا الفكر العربى المعاصر /
_cمحمد عايد الجابرى
260 _a[S.N] :
_bالمركز الثقافى العربى ،
_c1992
300 _a240 ص
490 _a
650 0 4 _aالادب العربى
650 0 4 _aالفكر العربى
942 _2ddc
_cBK
999 _c49105
_d49105